LEADER 02358nam 2200397Ia 450 001 996391563003316 005 20200824132328.0 035 $a(CKB)1000000000669189 035 $a(EEBO)2241009734 035 $a(OCoLC)ocm12685760e 035 $a(OCoLC)12685760 035 $a(EXLCZ)991000000000669189 100 $a19851017d1673 uy | 101 0 $aeng 135 $aurbn||||a|bb| 200 14$aThe English school-master$b[electronic resource] $eteaching all his scholars, of what age soever, the most easie, short, and perfect order of distinct reading, and true writing our English tongues, that hath ever yet been known or published by any : and further also, teacheth a direct course, how any unskillful person may easily both understand any hard English words, which they shall in scriptures, sermons, or else-where hear or read, & also be made able to use the same aptly themselves, and generally whatsoever is necessary to be known for the English speech so that he who hath this book only, needeth to buy no other to make him fit from his letters to the grammar school, for an apprentice, or any other private use so far as concerneth English, and therefore it is made not only for children, though the first book be meer childish for them, but also for all other, especially for those that are ignorant in the Latin tongue : in the next page the school master hangeth forth his table to view all beholders, setting forth some of the chief commodities of his profession ... /$fby Edward Coote .. 205 $aThe 37th time imprinted$bwith certain copies to write by, at the end of this book added. 210 $a[London] $cPrinted by A. Maxwell, for the Company of Stationers$d1673 215 $a[8], 77, [2] p 300 $aReproduction of original in the University of Illinois (Urbana-Champaign Campus). Library. 330 $aeebo-0167 606 $aReaders (Primary)$vEarly works to 1800 606 $aCopybooks$vEarly works to 1800 606 $aEnglish language$yEarly modern, 1500-1700 615 0$aReaders (Primary) 615 0$aCopybooks 615 0$aEnglish language 700 $aCoote$b Edmund$ffl. 1597.$01012997 801 0$bEAA 801 1$bEAA 801 2$bm/c 801 2$bWaOLN 906 $aBOOK 912 $a996391563003316 996 $aThe English school-master$92354066 997 $aUNISA LEADER 03424nas 2200889-a 450 001 9910135059403321 005 20260218111206.0 035 $a(DE-599)ZDB2665425-8 035 $a(CKB)110985822459668 035 $a(CONSER)---94657486- 035 $a(DE-599)2799300-0 035 $a(EXLCZ)99110985822459668 100 $a19940502b19932012 --- a 101 0 $aeng 181 $ctxt$2rdacontent 182 $cc$2rdamedia 183 $acr$2rdacarrier 200 04$aThe John Marshall journal of computer & information law 210 $aRolling Hills Estates, Calif. $cCenter for Computer/Law ;$aChicago, Ill. $cJohn Marshall Law School$d©1993-©2012 215 $a1 online resource 300 $aTitle from cover. 300 $aIssues for <2012> published only in Chicago by John Marshall Law School. 311 08$aPrint version: The John Marshall journal of computer & information law. 1078-4128 (DLC) 94657486 (OCoLC)30365829 517 3 $aJohn Marshall journal of computer and information law 531 $aJOHN MARSHALL JOURNAL OF COMPUTER ANDAMP INFORMATION LAW 531 $aTHE JOHN MARSHALL JOURNAL OF COMPUTER AND INFORMATION LAW 531 $aJOHN MARSHALL JOURNAL OF COMPUTER & INFORMATION LAW, THE 531 $aJOHN MARSHALL J COMPUT INF LAW 531 $aJOHN MARSHALL JOURNAL OF COMPUTER & INFORMATION LAW 531 0 $aJohn Marshall j. comput. inf. law 606 $aComputers$xLaw and legislation$zUnited States$vPeriodicals 606 $aComputer software$xLaw and legislation$zUnited States$vPeriodicals 606 $aLogiciels$2eclas 606 $aOrdinateurs$2eclas 606 $aPublications périodiques$2eclas 606 $aComputer software$xLaw and legislation$2fast$3(OCoLC)fst00872568 606 $aComputers$xLaw and legislation$2fast$3(OCoLC)fst00872821 606 $aInformaticarecht$2gtt 606 $aComputers$xLaw and legislation$vPeriodicals$2nli 606 $aComputer software industry$xLaw and legislation$vPeriodicals$2nli 606 $aLaw reviews$zIllinois$vPeriodicals$2nli 606 $aCOMPUTERS$2unbist 606 $aINTELLECTUAL PROPERTY$2unbist 606 $aCOMPUTER SOFTWARE$2unbist 606 $aLAW$2unbist 606 $aUNITED STATES$2unbist 607 $aEtats-Unis d'Amérique$2eclas 607 $aUnited States$2fast 608 $aLaw. 608 $aLaw reviews.$2fast 608 $aPeriodicals.$2fast 608 $aLaw reviews.$2lcgft 615 0$aComputers$xLaw and legislation 615 0$aComputer software$xLaw and legislation 615 7$aLogiciels. 615 7$aOrdinateurs. 615 7$aPublications périodiques. 615 7$aComputer software$xLaw and legislation. 615 7$aComputers$xLaw and legislation. 615 17$aInformaticarecht. 615 7$aComputers$xLaw and legislation 615 7$aComputer software industry$xLaw and legislation 615 7$aLaw reviews 615 07$aCOMPUTERS. 615 07$aINTELLECTUAL PROPERTY. 615 07$aCOMPUTER SOFTWARE. 615 07$aLAW. 615 07$aUNITED STATES. 676 $a343.7309/99 676 $a347.303999 712 02$aJohn Marshall Law School (Chicago, Ill.) 712 02$aCenter for Computer/Law. 906 $aJOURNAL 912 $a9910135059403321 920 $aexl_impl conversion 996 $aThe John Marshall journal of computer & information law$92049637 997 $aUNINA